000
00316nam a22001457a 4500
003
SGT
082
_a
615.532
_b
S15C
100
_a
COOK, TREVOR M.
245
_a
SAMUEL HAHNEMANN HIS LIFE & TIME
250
_a
2ND
260
_a
INDIA
_b
B.JAIN PUB
_c
2015
300
_a
192
650
_a
HOMOEOPATHIC
942
_2
ddc
_c
BK
999
_c
20432
_d
20432